Top 10 Most Guessed US Presidents by French Speakers - Statistics

General Stats
  • This quiz has been taken 1,141 times
    537 since last reset
  • The average score is 10 of 11
Answer Stats
Rank President % % Correct
1 Donald Trump 99%
100%
2 Barack Obama 98%
99%
6 George Washington 83%
98%
4 George H.W. Bush 84%
96%
4 George W. Bush 84%
96%
3 Joe Biden 95%
94%
8 Abraham Lincoln 75%
93%
10 Franklin D. Roosevelt 67%
90%
9 Bill Clinton 74%
89%
7 John F. Kennedy 82%
86%
10 Theodore Roosevelt 67%
86%
No matching quizzes found
Score Distribution
Percent of People with Each Score
Percentile by Number Answered
Your Score History
You have not taken this quiz since the last reset